Методы выявления повехностных дефектов с помощью плоских вихревых преобразователей; Техническая диагностика и неразрушающий контроль; № 1

מידע ביבליוגרפי
Parent link:Техническая диагностика и неразрушающий контроль: научно-технический и производственный журнал/ Национальная академия наук Украины (НАНУ), Институт электросварки им. Е. О. Патона (ИЭС) ; Международная ассоциация "Сварка".— , 1990-1993, 2001-.— 0235-3474
№ 1.— 2002.— С. 50-51
מחבר ראשי: Франюк В. А.
מחברים אחרים: Зубко С. А., Гурин Я. А.
שפה:רוסית
יצא לאור: 2002
סדרה:Неразрушающий контроль
נושאים:
פורמט: MixedMaterials Book Chapter
KOHA link:https://koha.lib.tpu.ru/cgi-bin/koha/opac-detail.pl?biblionumber=381651

MARC

LEADER 00000naa2a2200000 4500
001 381651
005 20231101062843.0
035 |a (RuTPU)RU\TPU\prd\4439 
090 |a 381651 
100 |a 20020605a2002 k y0rusy50 ca 
101 0 |a rus 
102 |a RU 
200 1 |a Методы выявления повехностных дефектов с помощью плоских вихревых преобразователей  |f В. А. Франюк, С. А. Зубко, Я. А. Гурин 
225 1 |a Неразрушающий контроль 
320 |a Библиогр.: 4 назв. 
461 1 |0 (RuTPU)RU\TPU\prd\1736  |x 0235-3474  |t Техническая диагностика и неразрушающий контроль  |o научно-технический и производственный журнал  |f Национальная академия наук Украины (НАНУ), Институт электросварки им. Е. О. Патона (ИЭС) ; Международная ассоциация "Сварка"  |d 1990-1993, 2001- 
463 1 |0 (RuTPU)RU\TPU\prd\3614  |t № 1  |v С. 50-51  |d 2002 
610 1 |a поверхностные дефекты 
610 1 |a дефекты 
610 1 |a вихретоковые преобразователи 
610 1 |a преобразователи 
610 1 |a методы 
610 1 |a дефектоскопы 
610 1 |a расположение 
610 1 |a блок-схемы 
610 1 |a спиральные катушки 
675 |a 620.179.14  |v 3 
700 1 |a Франюк  |b В. А. 
701 1 |a Зубко  |b С. А. 
701 1 |a Гурин  |b Я. А. 
801 1 |a RU  |b 63413507  |c 20020605  |g PSBO 
801 2 |a RU  |b 63413507  |c 20140128  |g PSBO 
942 |c BK